Die Schicksale der jüdischen Bürger Baden-Württembergs während der nationalsozialistischen Verfolgungszeit 1933 - 1945: statistische Ergebnisse d. Erhebungen d. Dokumentationsstelle bei d. Archivdirektion Stuttgart u. zusammenfassende Darstellung
| 1. VerfasserIn: | |
|---|---|
| Medienart: | Druck Buch Statistik |
| Sprache: | Deutsch |
| Veröffentlicht: |
Stuttgart
Kohlhammer
1969
|
| In: |
Veröffentlichungen der Staatlichen Archivverwaltung Baden-Württemberg (20)
Jahr: 1969 |
| Bestand in Tübingen: | In Tübingen vorhanden. IFK: B VI 5 |
| Verfügbarkeit prüfen: | HBZ Gateway |
| Subito Bestelldienst: | Jetzt bestellen. |
| Schlagwörter: |
MARC
| LEADER | 00000cam a2200000 c 4500 | ||
|---|---|---|---|
| 001 | 1071517007 | ||
| 003 | DE-627 | ||
| 005 | 20260206201056.0 | ||
| 007 | tu | ||
| 008 | 850101s1969 gw ||||| s 00| ||ger c | ||
| 016 | 7 | |a 458808008 |2 DE-101 | |
| 020 | |c 32. (Lw.) | ||
| 035 | |a (DE-627)1071517007 | ||
| 035 | |a (DE-603)029718260 | ||
| 035 | |a (DE-576)001517007 | ||
| 035 | |a (DE-599)BSZ001517007 | ||
| 035 | |a (OCoLC)263370192 | ||
| 035 | |a (OCoLC)833140783 | ||
| 035 | |a (OCoLC)310463990 | ||
| 035 | |a (OCoLC)1050462937 | ||
| 035 | |a (OCoLC)263370192 | ||
| 040 | |a DE-627 |b ger |c DE-627 |e rakwb | ||
| 041 | |a ger | ||
| 044 | |c XA-DE-BW |c XA-DE | ||
| 084 | |a 14a |2 sdnb | ||
| 084 | |a 1 |2 ssgn | ||
| 084 | |a NQ 2360 |2 rvk |0 (DE-625)rvk/128255: | ||
| 084 | |a NZ 70000 |q DE-24/20sred |2 rvk |0 (DE-625)rvk/162624: | ||
| 084 | |a NY 4620 |2 rvk |0 (DE-625)rvk/132348: | ||
| 084 | |a 15.55 |2 bkl | ||
| 084 | |a 15.96 |2 bkl | ||
| 100 | 1 | |a Sauer, Paul |d 1931-2010 |0 (DE-588)11860578X |0 (DE-627)07939681X |0 (DE-576)209095202 |4 aut | |
| 109 | |a Sauer, Paul 1931-2010 | ||
| 245 | 1 | 4 | |a Die Schicksale der jüdischen Bürger Baden-Württembergs während der nationalsozialistischen Verfolgungszeit 1933 - 1945 |b statistische Ergebnisse d. Erhebungen d. Dokumentationsstelle bei d. Archivdirektion Stuttgart u. zusammenfassende Darstellung |c Paul Sauer |
| 264 | 1 | |a Stuttgart |b Kohlhammer |c 1969 | |
| 300 | |a XVI, 468 S. |b Ill. | ||
| 336 | |a Text |b txt |2 rdacontent | ||
| 337 | |a ohne Hilfsmittel zu benutzen |b n |2 rdamedia | ||
| 338 | |a Band |b nc |2 rdacarrier | ||
| 490 | 1 | |a Veröffentlichungen der Staatlichen Archivverwaltung Baden-Württemberg |v 20 | |
| 500 | |a Literaturverz. S. 400 - 407 | ||
| 583 | 1 | |a Archivierung/Langzeitarchivierung gewährleistet |f PEBW |x XA-DE-BW |2 pdager |5 DE-24 | |
| 583 | 1 | |a Archivierung/Langzeitarchivierung gewährleistet |c 20211220 |f SLG |x XA-DE-BW |z Provenienz |2 pdager |5 DE-25 | |
| 583 | 1 | |a Archivierung/Langzeitarchivierung gewährleistet |f SLG |x XA-DE-BW |z BfZ |2 pdager |5 DE-24 | |
| 583 | 1 | |a Massenentsäuert |c 2021 |k DE-18 |2 pdager |5 DE-H227 | |
| 583 | 1 | |a Archivierung/Langzeitarchivierung gewährleistet |f SSG |x XA-DE-BW |2 pdager |5 DE-21 | |
| 650 | 0 | |a Jews in Wuerttemberg |x History | |
| 650 | 0 | |a Jews |z Germany |z Baden |x History | |
| 650 | 0 | |a Jews |z Germany |z Württemberg |x History | |
| 650 | 0 | |a Jews |z Germany |x History |y 1933-1945 | |
| 650 | 0 | |a Holocaust, Jewish (1939-1945) |z Germany |z Baden | |
| 650 | 4 | |a Holocaust/Judenvernichtung | |
| 650 | 4 | |a persecution of Jews/Holocaust | |
| 650 | 4 | |a Statistics | |
| 650 | 4 | |a Antisemitismus | |
| 650 | 4 | |a Nationalsozialismus | |
| 650 | 4 | |a Wirtschaftsgeschichte | |
| 650 | 4 | |a Sozialgeschichte | |
| 655 | 7 | |a Quelle |y 1933-1945 |0 (DE-588)4135952-5 |0 (DE-627)105661236 |0 (DE-576)209665084 |2 gnd-content | |
| 655 | 7 | |a Statistik |0 (DE-588)4056995-0 |0 (DE-627)106152955 |0 (DE-576)209119799 |2 gnd-content | |
| 689 | 0 | 0 | |d g |0 (DE-588)4069065-9 |0 (DE-627)106104403 |0 (DE-576)20917546X |a Baden |2 gnd |
| 689 | 0 | 1 | |d s |0 (DE-588)4028814-6 |0 (DE-627)104427108 |0 (DE-576)208979603 |a Judenverfolgung |2 gnd |
| 689 | 0 | 2 | |a z |2 gnd |a Geschichte 1933-1945 |
| 689 | 0 | |5 (DE-627) | |
| 689 | 1 | 0 | |d g |0 (DE-588)4067029-6 |0 (DE-627)106110780 |0 (DE-576)209167882 |a Württemberg |2 gnd |
| 689 | 1 | 1 | |d s |0 (DE-588)4028814-6 |0 (DE-627)104427108 |0 (DE-576)208979603 |a Judenverfolgung |2 gnd |
| 689 | 1 | 2 | |a z |2 gnd |a Geschichte 1933-1945 |
| 689 | 1 | |5 (DE-627) | |
| 689 | 2 | 0 | |d g |0 (DE-588)4069065-9 |0 (DE-627)106104403 |0 (DE-576)20917546X |a Baden |2 gnd |
| 689 | 2 | 1 | |d g |0 (DE-588)4067029-6 |0 (DE-627)106110780 |0 (DE-576)209167882 |a Württemberg |2 gnd |
| 689 | 2 | 2 | |d s |0 (DE-588)4028814-6 |0 (DE-627)104427108 |0 (DE-576)208979603 |a Judenverfolgung |2 gnd |
| 689 | 2 | |5 (DE-627) | |
| 810 | 2 | |a Baden-Württemberg |b Archiv-Verwaltung |t Veröffentlichungen der Staatlichen Archivverwaltung Baden-Württemberg |v 20 |9 20 |w (DE-627)130166154 |w (DE-576)015709256 |w (DE-600)519376-X |x 0521-9922 |7 am | |
| 889 | |w (DE-627)221689524 | ||
| 935 | |a mteo | ||
| 935 | |i mdedup | ||
| 935 | |h HEB |i 0501 | ||
| 935 | |h HEB |i 0503 | ||
| 936 | r | v | |a NQ 2360 |b Judenverfolgung / Antisemitismus im Dritten Reich (Judenfrage) |k Geschichte |k Geschichte seit 1918 |k Drittes Reich |k Innere Geschichte |k NS-Terror |k Judenverfolgung / Antisemitismus im Dritten Reich (Judenfrage) |0 (DE-627)1270699571 |0 (DE-625)rvk/128255: |0 (DE-576)200699571 |
| 936 | r | v | |a NZ 70000 |b Zeitschriften und Schriftenreihen |k Geschichte |k Regionale Landeskunde |k Baden-Württemberg |k Landesgeschichte allgemein |k Zeitschriften und Schriftenreihen |0 (DE-627)1685782949 |0 (DE-625)rvk/162624: |
| 936 | r | v | |a NY 4620 |b Allgemeines |k Geschichte |k Geschichte der Juden |k Geschichte der Juden nach Zeitabschnitten und Ländern |k Juden in Deutschland und Österreich |k Deutschland |k Allgemeines |0 (DE-627)1270708376 |0 (DE-625)rvk/132348: |0 (DE-576)200708376 |
| 936 | b | k | |a 15.55 |j Baden-Württemberg |x Geschichte |q coli-conc RVK->BK |q https://coli-conc.gbv.de/api/mappings/58b6b720-6ba5-4068-ac06-4bb36eb8c635 |0 (DE-627)181571617 |
| 936 | b | k | |a 15.96 |j Geschichte des jüdischen Volkes außerhalb des Staates Israel |0 (DE-627)106404660 |
| 936 | s | n | |a n100 |2 mzub |
| 951 | |a BO | ||
| ELC | |b 1 | ||
| LOK | |0 000 xxxxxcx a22 zn 4500 | ||
| LOK | |0 001 2011066409 | ||
| LOK | |0 003 DE-627 | ||
| LOK | |0 004 1071517007 | ||
| LOK | |0 005 20020607000000 | ||
| LOK | |0 008 921021||||||||||||||||ger||||||| | ||
| LOK | |0 040 |a DE-21-110 |c DE-627 |d DE-21-110 | ||
| LOK | |0 852 |a DE-21-110 | ||
| LOK | |0 852 1 |c B VI 5 |m p |9 00 | ||
| LOK | |0 935 |a k110 | ||
| LOK | |0 936ln |a 11.2.1 | ||
| LOK | |0 938 |k p | ||
| LOK | |0 939 |a 21-10-92 |b l01 | ||
| ORI | |a SA-MARC-krimdoka001.raw | ||
| SIG | |a IFK: B VI 5 | ||
| TIM | |a 100019330101_100019451231 |b Geschichte 1933-1945 | ||
